[Event "España ch sub-12 2012"]
[Site "Salobreña ESP"]
[Date "2012.07.03"]
[Round "3.7"]
[White "Germes Ibañez, Ricardo"]
[Black "Roma Barge, Gabriel"]
[Result "0-1"]
[WhiteElo "1556"]
[BlackElo "1735"]
[PlyCount "82"]
[EventDate "2012.07.02"]
[EventType "swiss"]
[EventRounds "9"]
[EventCountry "ESP"]
[Source "lmi"]
[SourceDate "2012.07.02"]

1. e4 e5 2. Nc3 Bb4 3. f4 exf4 4. Nf3 Bxc3 5. bxc3 Ne7 6. Bc4 O-O 7. d4 Ng6 8.
O-O d6 9. Rb1 Qe7 10. Qe2 c5 11. Ne1 Nc6 12. d5 Nce5 13. Bd3 Bg4 14. Qf2 f3 15.
Nxf3 Nxf3+ 16. gxf3 Bh3 17. Re1 Qf6 18. Qg3 Bc8 19. Bd2 Qe7 20. f4 Re8 21. e5
dxe5 22. Bxg6 hxg6 23. fxe5 c4 24. Rb4 Qc5+ 25. Be3 Qxd5 26. Bd4 b5 27. a4 a6
28. axb5 axb5 29. Reb1 Bd7 30. h4 Bc6 31. Kf2 Ra2 32. R4b2 Rea8 33. h5 Rxb2 34.
Rxb2 Ra1 35. hxg6 fxg6 36. Qh3 Rh1 37. Qg3 Qe4 38. Be3 Qf5+ 39. Ke2 Qf1+ 40.
Kd2 Qf5 41. Bg5 Qxg5+ 0-1

[Event "España ch sub-12 2012"]
[Site "Salobreña ESP"]
[Date "2012.07.03"]
[Round "3.8"]
[White "Roig Serralta, Nadal"]
[Black "Ortin Blanco, Ainhoa"]
[Result "1-0"]
[WhiteElo "1721"]
[BlackElo "1605"]
[PlyCount "101"]
[EventDate "2012.07.02"]
[EventType "swiss"]
[EventRounds "9"]
[EventCountry "ESP"]
[Source "lmi"]
[SourceDate "2012.07.02"]

1. d4 d5 2. g3 Nf6 3. Bg2 Bf5 4. Nf3 e6 5. O-O h6 6. c4 c6 7. cxd5 exd5 8. Nc3
Nbd7 9. Ne5 Be7 10. f4 O-O 11. g4 Be4 12. Nxe4 Nxe4 13. Qc2 f5 14. gxf5 Ndf6
15. Kh1 Rc8 16. e3 Qb6 17. Bxe4 dxe4 18. Rg1 Qc7 19. Rxg7+ Kxg7 20. Qg2+ Kh7
21. Qg6+ Kh8 22. Qxh6+ Nh7 23. Bd2 Bf6 24. Ng6+ Kg8 25. Rg1 Bg7 26. Nxf8 Rxf8
27. d5 Rf6 28. Qh5 cxd5 29. Bc3 Rf7 30. Qh6 Qe7 31. Rxg7+ Rxg7 32. f6 Nxf6 33.
Bxf6 Qf7 34. Qxg7+ Qxg7 35. Bxg7 Kxg7 36. Kg2 Kh6 37. h4 Kg6 38. Kf2 b5 39. b4
a6 40. Ke2 Kf5 41. h5 Kf6 42. Kd2 Kf5 43. Kc3 Kg4 44. h6 Kf3 45. Kd4 Ke2 46. h7
Kf3 47. h8=Q Ke2 48. Qh3 Kd2 49. Qg2+ Kc1 50. Kc3 Kd1 51. Qxe4 1-0

[Event "España ch sub-12 2012"]
[Site "Salobreña ESP"]
[Date "2012.07.03"]
[Round "3.9"]
[White "Lechuga Cabrero, Luis Miguel"]
[Black "Ballarin Corvinos, Jorge"]
[Result "1/2-1/2"]
[WhiteElo "1712"]
[BlackElo "1568"]
[PlyCount "64"]
[EventDate "2012.07.02"]
[EventType "swiss"]
[EventRounds "9"]
[EventCountry "ESP"]
[Source "lmi"]
[SourceDate "2012.07.02"]

1. d4 d5 2. Nc3 Nf6 3. Bg5 Bf5 4. f3 c5 5. e3 Nc6 6. Bb5 Qb6 7. Bxf6 gxf6 8.
Nxd5 Qa5+ 9. Qd2 Qxd2+ 10. Kxd2 O-O-O 11. Bxc6 bxc6 12. Nf4 cxd4 13. e4 Bxe4
14. fxe4 Bh6 15. Nge2 e5 16. g3 Rd7 17. Kd3 exf4 18. gxf4 Rg8 19. Rhg1 Rg6 20.
f5 Rg5 21. Rxg5 fxg5 22. Rg1 f6 23. Kc4 c5 24. Rd1 Bf8 25. b3 a6 26. Kd3 h5 27.
Rg1 h4 28. h3 Bd6 29. Rg4 Kb7 30. Ng1 Bg3 31. Nf3 Re7 32. Nd2 Kc6 1/2-1/2

[Event "España ch sub-12 2012"]
[Site "Salobreña ESP"]
[Date "2012.07.03"]
[Round "3.10"]
[White "Lledo Moll, Carles"]
[Black "Plazuelo Pascual, Juan"]
[Result "0-1"]
[WhiteElo "1551"]
[BlackElo "1703"]
[PlyCount "34"]
[EventDate "2012.07.02"]
[EventType "swiss"]
[EventRounds "9"]
[EventCountry "ESP"]
[Source "lmi"]
[SourceDate "2012.07.02"]

1. d4 Nf6 2. c4 g6 3. Nc3 Bg7 4. e4 d6 5. Nf3 O-O 6. Be2 e5 7. d5 a5 8. Rb1
Nbd7 9. O-O Nh5 10. Nxe5 Nxe5 11. Bxh5 gxh5 12. b3 Qh4 13. f4 Ng4 14. h3 Bxc3
15. hxg4 hxg4 16. Qd3 g3 17. Rf3 Qh2+ 0-1

[Event "España ch sub-12 2012"]
[Site "Salobreña ESP"]
[Date "2012.07.03"]
[Round "3.11"]
[White "Roldan Marques, Daniel"]
[Black "Orantes Taboada, Francisco"]
[Result "0-1"]
[WhiteElo "1513"]
[BlackElo "1688"]
[PlyCount "74"]
[EventDate "2012.07.02"]
[EventType "swiss"]
[EventRounds "9"]
[EventCountry "ESP"]
[Source "lmi"]
[SourceDate "2012.07.02"]

1. d4 Nf6 2. c4 g6 3. Nc3 d5 4. cxd5 Nxd5 5. e4 Nxc3 6. bxc3 Bg7 7. Nf3 O-O 8.
Be3 c5 9. Qd2 Nc6 10. Rd1 Qa5 11. Rc1 Bg4 12. d5 Bxf3 13. gxf3 Rfd8 14. Be2 e6
15. c4 Nb4 16. a3 Qxa3 17. Bxc5 Nc2+ 18. Qxc2 Qxc5 19. Qd2 Rac8 20. O-O a5 21.
Rfd1 a4 22. Qa2 a3 23. Rd3 Ra8 24. Rb3 Qe7 25. Kh1 Be5 26. Rg1 exd5 27. exd5
Re8 28. Bd3 Bd6 29. Be4 Qh4 30. Kg2 f5 31. Bb1 Qxh2+ 32. Kf1 Re1+ 33. Kxe1
Qxg1+ 34. Ke2 Bc5 35. Rxb7 Re8+ 36. Kd3 Qd1+ 37. Qd2 Qxf3+ 0-1

[Event "España ch sub-12 2012"]
[Site "Salobreña ESP"]
[Date "2012.07.03"]
[Round "3.12"]
[White "Iglesias Feijoo, Alberto"]
[Black "Jausas Lopez, Andrea"]
[Result "1-0"]
[WhiteElo "1660"]
[BlackElo "1553"]
[PlyCount "73"]
[EventDate "2012.07.02"]
[EventType "swiss"]
[EventRounds "9"]
[EventCountry "ESP"]
[Source "lmi"]
[SourceDate "2012.07.02"]

1. e4 c5 2. Nf3 g6 3. d4 cxd4 4. Nxd4 Nc6 5. Nc3 Bg7 6. Nde2 Nf6 7. g3 d6 8.
Bg2 Bd7 9. O-O O-O 10. Nd5 Nxd5 11. exd5 Nb4 12. c3 Na6 13. Be3 Qc7 14. Bd4 Nc5
15. Bxg7 Kxg7 16. b4 Na4 17. Re1 Rfe8 18. Qd4+ Kg8 19. c4 a5 20. a3 Rac8 21.
Rac1 Qb6 22. Qxb6 Nxb6 23. c5 Na4 24. c6 Bf5 25. cxb7 Rb8 26. Rc7 axb4 27. axb4
Bd3 28. Ra1 Bxe2 29. Rxa4 Bb5 30. Ra5 Bd3 31. Bf3 f5 32. Bd1 Kf7 33. Ba4 Rf8
34. Bc6 Bc4 35. Ra8 Bd3 36. Rxb8 Rxb8 37. Rc8 1-0

[Event "España ch sub-12 2012"]
[Site "Salobreña ESP"]
[Date "2012.07.03"]
[Round "3.13"]
[White "Zapata Caparros, Sergio"]
[Black "Las Heras Aixandri, Sara"]
[Result "0-1"]
[WhiteElo "1653"]
[BlackElo "1542"]
[PlyCount "79"]
[EventDate "2012.07.02"]
[EventType "swiss"]
[EventRounds "9"]
[EventCountry "ESP"]
[Source "lmi"]
[SourceDate "2012.07.02"]

1. d4 Nf6 2. c4 c5 3. d5 b5 4. Nd2 d6 5. e4 bxc4 6. Bxc4 Qa5 7. Qe2 g6 8. Ngf3
Ba6 9. O-O Bg7 10. Re1 O-O 11. Rb1 Bxc4 12. Qxc4 Na6 13. Nb3 Qb6 14. e5 Nd7 15.
e6 Ne5 16. Nxe5 Bxe5 17. Bh6 Bg7 18. Bxg7 Kxg7 19. Nd2 f6 20. Nf3 Rab8 21. Re4
Qb5 22. a3 Qxc4 23. Rxc4 Nc7 24. Ra4 Rb7 25. Rd1 Rxb2 26. Rxa7 Nxd5 27. g3 Nc3
28. Rxe7+ Kg8 29. Rxd6 Ne4 30. Rdd7 Rfb8 31. Rg7+ Kh8 32. Rxh7+ Kg8 33. Rdg7+
Kf8 34. e7+ Ke8 35. Rh8+ Kd7 36. e8=Q+ Kd6 37. Rd7+ Kc6 38. Qe6+ Kb5 39. Rxb8+
Ka4 40. Ra7# 0-1

[Event "España ch sub-12 2012"]
[Site "Salobreña ESP"]
[Date "2012.07.03"]
[Round "3.14"]
[White "Torrijos Garcia, Borja"]
[Black "Nieves Cabanes, Jose Manuel"]
[Result "0-1"]
[WhiteElo "1546"]
[BlackElo "1874"]
[PlyCount "74"]
[EventDate "2012.07.02"]
[EventType "swiss"]
[EventRounds "9"]
[EventCountry "ESP"]
[Source "lmi"]
[SourceDate "2012.07.02"]

1. d4 Nf6 2. Bf4 g6 3. Nf3 Bg7 4. e3 d6 5. Be2 Nbd7 6. h3 O-O 7. c4 c5 8. Nc3
cxd4 9. exd4 Nb6 10. O-O Bf5 11. b4 Rc8 12. Qb3 Be6 13. d5 Bf5 14. Rac1 Nh5 15.
Bh2 Nf6 16. Nd1 Nbxd5 17. Ne3 Nxe3 18. Qxe3 b6 19. Rfe1 Re8 20. Red1 Bd7 21. a3
Bc6 22. c5 Nd5 23. Qb3 bxc5 24. bxc5 Rb8 25. Qc4 Bb5 26. Qxd5 Bxe2 27. Re1 Bxf3
28. Qxf3 Rc8 29. cxd6 Rxc1 30. Rxc1 exd6 31. Rd1 Re6 32. Qd5 Bf8 33. Bg3 Qb6
34. Kf1 Qa6+ 35. Qd3 Qa5 36. Bf4 d5 37. Qxd5 Re1+ 0-1

[Event "España ch sub-12 2012"]
[Site "Salobreña ESP"]
[Date "2012.07.03"]
[Round "3.15"]
[White "Escudero Manzano, Sergio"]
[Black "Picazo Sancho, Alvaro"]
[Result "1-0"]
[WhiteElo "1789"]
[BlackElo "1504"]
[PlyCount "59"]
[EventDate "2012.07.02"]
[EventType "swiss"]
[EventRounds "9"]
[EventCountry "ESP"]
[Source "lmi"]
[SourceDate "2012.07.02"]

1. e4 c5 2. Nf3 e6 3. d4 cxd4 4. Nxd4 Nc6 5. Nc3 a6 6. Be2 Qc7 7. Be3 Nf6 8.
O-O Be7 9. Bf3 d6 10. Re1 Bd7 11. Bg5 Qa5 12. Bh4 Nxd4 13. Qxd4 Qc5 14. Qxc5
dxc5 15. e5 Ng8 16. Bxe7 Nxe7 17. Ne4 Bc6 18. Nxc5 Bxf3 19. gxf3 b6 20. Ne4 O-O
21. Nd6 Nc8 22. Rad1 g6 23. c3 Ra7 24. Kg2 Rd7 25. Nxc8 Rxd1 26. Ne7+ Kg7 27.
Rxd1 Re8 28. Nc6 Rc8 29. Nd4 Rd8 30. Nxe6+ 1-0

[Event "España ch sub-12 2012"]
[Site "Salobreña ESP"]
[Date "2012.07.03"]
[Round "3.16"]
[White "Perez Barroso, Miguel"]
[Black "Puga Sanchez, Miguel"]
[Result "0-1"]
[WhiteElo "1544"]
[BlackElo "1670"]
[PlyCount "63"]
[EventDate "2012.07.02"]
[EventType "swiss"]
[EventRounds "9"]
[EventCountry "ESP"]
[Source "lmi"]
[SourceDate "2012.07.02"]

1. e4 e5 2. Nf3 Nc6 3. Bb5 a6 4. Ba4 Nf6 5. d3 d6 6. Bg5 Bg4 7. h3 Bh5 8. Nc3
Be7 9. Qe2 b5 10. Bb3 Nd4 11. Qe3 c5 12. O-O-O a5 13. Ne2 Bxf3 14. gxf3 a4 15.
Bxf6 Nxb3+ 16. axb3 Bxf6 17. Rdg1 Qa5 18. Qd2 b4 19. Kd1 Qa7 20. c3 a3 21. cxb4
a2 22. Kc2 cxb4 23. Qxb4 Rc8+ 24. Kd2 O-O 25. Qxd6 Be7 26. Rxg7+ Kh8 27. Rg8+
Rxg8 28. Qxe5+ Rg7 29. Ra1 Bb4+ 30. Kd1 Qxf2 31. Nc3 Kg8 32. Nb1 0-1

[Event "España ch sub-12 2012"]
[Site "Salobreña ESP"]
[Date "2012.07.03"]
[Round "3.17"]
[White "Galiana Fernandez, Adrian"]
[Black "Martinez Lopez, Carlos"]
[Result "1-0"]
[WhiteElo "1470"]
[BlackElo "1649"]
[PlyCount "49"]
[EventDate "2012.07.02"]
[EventType "swiss"]
[EventRounds "9"]
[EventCountry "ESP"]
[Source "lmi"]
[SourceDate "2012.07.02"]

1. e4 c5 2. Nf3 Nc6 3. d4 cxd4 4. Nxd4 Qb6 5. Nxc6 dxc6 6. b3 Nf6 7. Bb2 Nxe4
8. Qf3 Nf6 9. Bd3 Bd7 10. O-O O-O-O 11. Nc3 h5 12. Na4 Qa5 13. Bc3 Qg5 14. h3
Qd5 15. Qe3 Kb8 16. Bd4 Qa5 17. Nc5 Ka8 18. b4 Qa3 19. Rfb1 Nd5 20. Qe5 f6 21.
Qg3 h4 22. Qh2 Nxb4 23. Qc7 Rb8 24. Nxd7 Re8 25. Bg6 1-0

[Event "España ch sub-12 2012"]
[Site "Salobreña ESP"]
[Date "2012.07.03"]
[Round "3.18"]
[White "Larraga Navarro, Adrian"]
[Black "Pavon Martinez, Alberto"]
[Result "1-0"]
[WhiteElo "1646"]
[BlackElo "1535"]
[PlyCount "71"]
[EventDate "2012.07.02"]
[EventType "swiss"]
[EventRounds "9"]
[EventCountry "ESP"]
[Source "lmi"]
[SourceDate "2012.07.02"]

1. e4 d5 2. exd5 Qxd5 3. Nc3 Qd6 4. Nf3 Nf6 5. Bc4 Bg4 6. d3 Nc6 7. h3 Bh5 8.
Be3 e6 9. g4 Bg6 10. Qd2 h6 11. O-O-O O-O-O 12. d4 Be7 13. Nb5 Qd7 14. Ne5 Ne4
15. Nxd7 Nxd2 16. Rxd2 a6 17. Ne5 axb5 18. Nxg6 bxc4 19. Nxh8 Rxh8 20. d5 exd5
21. Rxd5 Nb4 22. Ra5 Na6 23. Bd4 f6 24. Ra4 Rd8 25. Bc3 Bc5 26. f3 Be3+ 27. Kb1
Rd6 28. a3 b5 29. Ra5 Rb6 30. Re1 Bc5 31. Re8+ Kb7 32. Rg8 g5 33. Rg6 Ka7 34.
b4 Bf8 35. Rxf6 Bg7 36. Rxa6+ 1-0

[Event "España ch sub-12 2012"]
[Site "Salobreña ESP"]
[Date "2012.07.03"]
[Round "3.19"]
[White "Asensio Ramos, Diego"]
[Black "Lacruz Algarate, Alvaro"]
[Result "0-1"]
[WhiteElo "1613"]
[BlackElo "1363"]
[PlyCount "100"]
[EventDate "2012.07.02"]
[EventType "swiss"]
[EventRounds "9"]
[EventCountry "ESP"]
[Source "lmi"]
[SourceDate "2012.07.02"]

1. d4 Nf6 2. Nf3 d6 3. Bf4 Nbd7 4. e3 c5 5. c3 Qb6 6. Qc2 cxd4 7. cxd4 e5 8.
dxe5 dxe5 9. Bg5 Be7 10. Be2 O-O 11. O-O e4 12. Nfd2 Nc5 13. Nc3 Bf5 14. Nc4
Qc7 15. Nb5 Qd7 16. Ne5 Qe6 17. Bf4 Rfc8 18. Bc4 Qb6 19. a4 Be6 20. a5 Qd8 21.
Rfd1 Qf8 22. Bxe6 Nxe6 23. Qa4 Nc5 24. Qa2 a6 25. Nd4 Nh5 26. Bg3 Nxg3 27. hxg3
Bf6 28. Nc4 Rd8 29. Rac1 Nd3 30. Nb6 Nxc1 31. Rxc1 Rab8 32. Nb3 Qb4 33. Nc5
Bxb2 34. Qb1 Qd2 35. Rf1 Ba3 36. Nxe4 Qxa5 37. Nc4 Qb4 38. Qxb4 Bxb4 39. Rb1
Bf8 40. Na5 Rdc8 41. Nb3 Bb4 42. Nd4 a5 43. Nb5 Rc4 44. Ng5 Rbc8 45. Kh2 R4c5
46. Nd6 Rc1 47. Rb2 Bxd6 48. Rxb7 R1c7 49. Rb6 Bb4 50. Rb5 Rc5 0-1

[Event "España ch sub-12 2012"]
[Site "Salobreña ESP"]
[Date "2012.07.03"]
[Round "3.23"]
[White "Redondo Benavente, Ana Del Carmen"]
[Black "Martin Perez, Pau"]
[Result "1/2-1/2"]
[WhiteElo "1419"]
[BlackElo "1562"]
[PlyCount "68"]
[EventDate "2012.07.02"]
[EventType "swiss"]
[EventRounds "9"]
[EventCountry "ESP"]
[Source "lmi"]
[SourceDate "2012.07.02"]

1. e4 e5 2. Nf3 Nc6 3. Bc4 Bc5 4. O-O Nf6 5. d3 O-O 6. Nc3 d6 7. h3 Be6 8. Bb3
h6 9. Be3 Bb6 10. Qd2 Bxe3 11. fxe3 Bxb3 12. axb3 Re8 13. Qf2 Qd7 14. Nh4 Re6
15. Nf5 Ne7 16. Nh4 c6 17. Ne2 d5 18. exd5 cxd5 19. Nf5 Nxf5 20. Qxf5 Qc6 21.
d4 Qb6 22. Qf2 Rae8 23. Rae1 R8e7 24. dxe5 Rxe5 25. Nd4 Ne4 26. Qf4 Nd2 27. Rf2
Ne4 28. Rfe2 a6 29. Nf3 R5e6 30. Rd1 Nf6 31. Rde1 Ne4 32. Rd1 Nf6 33. Rde1 Ne4
34. Rd1 Nf6 1/2-1/2

[Event "España ch sub-12 2012"]
[Site "Salobreña ESP"]
[Date "2012.07.03"]
[Round "3.24"]
[White "Gimenez Aguirre, Alejo Ismael"]
[Black "Perez Mondejar, Adler"]
[Result "1-0"]
[WhiteElo "1872"]
[BlackElo "1455"]
[PlyCount "51"]
[EventDate "2012.07.02"]
[EventType "swiss"]
[EventRounds "9"]
[EventCountry "ESP"]
[Source "lmi"]
[SourceDate "2012.07.02"]

1. e4 c5 2. Nc3 Nc6 3. g3 g6 4. Bg2 Bg7 5. d3 e6 6. Be3 b6 7. Qd2 Nge7 8. Nge2
Bb7 9. h3 d5 10. exd5 exd5 11. d4 cxd4 12. Nxd4 Qd7 13. Nxc6 Bxc6 14. O-O-O
O-O-O 15. Bd4 Bxd4 16. Qxd4 Nf5 17. Qd3 d4 18. Bxc6 Qxc6 19. Nb5 a6 20. g4 axb5
21. gxf5 Qc4 22. Qa3 Qa4 23. Qf3 Qa6 24. fxg6 fxg6 25. Qf4 Kd7 26. Qxd4+ 1-0

[Event "España ch sub-12 2012"]
[Site "Salobreña ESP"]
[Date "2012.07.04"]
[Round "4.1"]
[White "Lopez Mulet, Iñigo"]
[Black "Roig Serralta, Nadal"]
[Result "1-0"]
[WhiteElo "1957"]
[BlackElo "1721"]
[PlyCount "59"]
[EventDate "2012.07.02"]
[EventType "swiss"]
[EventRounds "9"]
[EventCountry "ESP"]
[Source "lmi"]
[SourceDate "2012.07.02"]

1. d4 Nf6 2. c4 g6 3. f3 c5 4. d5 d6 5. Nc3 Bg7 6. e4 Nbd7 7. Be3 O-O 8. Nh3 a6
9. Nf2 Ne5 10. Be2 Rb8 11. a4 Qc7 12. O-O b6 13. Qd2 Ne8 14. f4 Nd7 15. Bd3 e6
16. dxe6 fxe6 17. f5 Ne5 18. Nh3 Nxd3 19. Qxd3 exf5 20. Nd5 Qb7 21. Bg5 Bd4+
22. Kh1 fxe4 23. Rxf8+ Kxf8 24. Qxe4 Bxh3 25. Rf1+ Bf5 26. g4 Ng7 27. gxf5 Nxf5
28. Qe6 Qf7 29. Rxf5 Qxf5 30. Bh6+ 1-0

[Event "España ch sub-12 2012"]
[Site "Salobreña ESP"]
[Date "2012.07.04"]
[Round "4.2"]
[White "Bayo Milagro, Alvaro"]
[Black "Iglesias Feijoo, Alberto"]
[Result "1-0"]
[WhiteElo "1856"]
[BlackElo "1660"]
[PlyCount "67"]
[EventDate "2012.07.02"]
[EventType "swiss"]
[EventRounds "9"]
[EventCountry "ESP"]
[Source "lmi"]
[SourceDate "2012.07.02"]

1. e4 e6 2. d4 d5 3. Nc3 dxe4 4. Nxe4 Nd7 5. Bd3 Ngf6 6. Qe2 Nxe4 7. Bxe4 Nf6
8. Bxb7 Bxb7 9. Qb5+ Qd7 10. Qxb7 Qd5 11. Qxd5 Nxd5 12. a3 c5 13. dxc5 Bxc5 14.
Nf3 Rc8 15. Bd2 Bd6 16. Rc1 Bf4 17. O-O O-O 18. Rfd1 Rfd8 19. c4 Bxd2 20. Rxd2
Nf4 21. Rxd8+ Rxd8 22. Kf1 f6 23. c5 Rc8 24. b4 e5 25. Nd2 a5 26. g3 Ne6 27.
Nc4 axb4 28. axb4 Nd4 29. Nd6 Rc7 30. Rc3 Ne6 31. c6 Kf8 32. b5 Nd8 33. b6 Rxc6
34. b7 1-0

[Event "España ch sub-12 2012"]
[Site "Salobreña ESP"]
[Date "2012.07.04"]
[Round "4.3"]
[White "Plazuelo Pascual, Juan"]
[Black "Porta Tovar, Guillem"]
[Result "0-1"]
[WhiteElo "1703"]
[BlackElo "1846"]
[PlyCount "118"]
[EventDate "2012.07.02"]
[EventType "swiss"]
[EventRounds "9"]
[EventCountry "ESP"]
[Source "lmi"]
[SourceDate "2012.07.02"]

1. e4 e5 2. Nf3 Nc6 3. Bb5 a6 4. Ba4 Nf6 5. O-O b5 6. Bb3 Be7 7. Re1 d6 8. c3
O-O 9. h3 Na5 10. Bc2 d5 11. exd5 e4 12. Bxe4 Nxe4 13. Rxe4 Re8 14. d4 Bb7 15.
Bf4 Qxd5 16. Re5 Qd7 17. Nbd2 f6 18. Re1 c5 19. dxc5 g5 20. Bd6 Bxd6 21. Rxe8+
Rxe8 22. cxd6 Qxd6 23. Nb3 Qxd1+ 24. Rxd1 Bxf3 25. gxf3 Nc4 26. Kf1 Nxb2 27.
Rd6 Na4 28. Rxf6 Rf8 29. Rxf8+ Kxf8 30. a3 Nxc3 31. Nc5 Nb1 32. Nxa6 Nxa3 33.
Ke2 Kf7 34. f4 gxf4 35. Kf3 Nc2 36. Kxf4 b4 37. Nc5 Nd4 38. Nd3 b3 39. Nb2 Ke6
40. Ke4 Ne2 41. Nd3 Nc1 42. Nb2 Kf6 43. Kf4 h5 44. h4 Ne2+ 45. Kf3 Nc3 46. Kf4
Nd5+ 47. Kg3 Ne7 48. Nd3 Nf5+ 49. Kh3 Ke7 50. f4 Kd6 51. Nb2 Kd5 52. Nd3 Kd4
53. Nb2 Ke3 54. Nc4+ Kxf4 55. Nd2 b2 56. Nb1 Ke3 57. Nc3 Kd2 58. Nb1+ Kc1 59.
Nc3 Kc2 0-1

[Event "España ch sub-12 2012"]
[Site "Salobreña ESP"]
[Date "2012.07.04"]
[Round "4.4"]
[White "Roma Barge, Gabriel"]
[Black "Zapata Caparros, Sergio"]
[Result "1-0"]
[WhiteElo "1735"]
[BlackElo "1653"]
[PlyCount "145"]
[EventDate "2012.07.02"]
[EventType "swiss"]
[EventRounds "9"]
[EventCountry "ESP"]
[Source "lmi"]
[SourceDate "2012.07.02"]

1. e4 c5 2. Nf3 Nc6 3. d4 cxd4 4. c3 d3 5. Bxd3 d6 6. O-O Bg4 7. Bf4 Nf6 8.
Nbd2 e5 9. Bg5 Be7 10. Bxf6 Bxf6 11. Qb3 Qd7 12. Bb5 O-O 13. h3 Be6 14. c4 a6
15. Bxc6 bxc6 16. Rad1 d5 17. Qc2 d4 18. Nb3 Qd6 19. Nc1 c5 20. Nd3 a5 21. Rfe1
Rfe8 22. Nh2 Bd7 23. Qe2 Bg5 24. Ng4 Bxg4 25. Qxg4 h6 26. Rf1 Rac8 27. h4 Bf6
28. Ne1 Qe6 29. Qxe6 Rxe6 30. g3 Be7 31. Nc2 Rd8 32. Na3 Rd7 33. Kg2 g6 34. h5
g5 35. Kf3 Rf6+ 36. Ke2 g4 37. Rd3 Rb7 38. Nb5 Bd8 39. f3 gxf3+ 40. Rdxf3 Rxf3
41. Rxf3 Be7 42. Rf5 f6 43. b3 Kg7 44. Kf3 Rd7 45. Ke2 Bd8 46. Rf1 Kh7 47. Kf3
Kg7 48. Kg4 Kf7 49. Kf5 Be7 50. Na3 Rd6 51. Nb1 Kg7 52. Nd2 Bd8 53. Nf3 Kf7 54.
Ne1 Be7 55. Nd3 Rd8 56. Kg4 Kg7 57. Rh1 Kf7 58. Kf3 Rg8 59. Ne1 Rg5 60. Nd3 Bd6
61. g4 Bf8 62. Nf2 Ke6 63. Ke2 Bg7 64. Rg1 Bf8 65. Rg2 Be7 66. Nh3 Rg8 67. Ng1
Rg5 68. Nf3 Rg8 69. Nh4 Bf8 70. Nf5 Rg5 71. Kd3 Kf7 72. Kc2 Be7 73. Nxh6+ 1-0

[Event "España ch sub-12 2012"]
[Site "Salobreña ESP"]
[Date "2012.07.04"]
[Round "4.5"]
[White "Orantes Taboada, Francisco"]
[Black "Perez Garcia, Alejandro"]
[Result "1-0"]
[WhiteElo "1688"]
[BlackElo "1902"]
[PlyCount "103"]
[EventDate "2012.07.02"]
[EventType "swiss"]
[EventRounds "9"]
[EventCountry "ESP"]
[Source "lmi"]
[SourceDate "2012.07.02"]

1. e4 c6 2. Nc3 d5 3. Nf3 Bg4 4. Be2 dxe4 5. Nxe4 Bxf3 6. Bxf3 Nd7 7. d4 Ngf6
8. O-O e6 9. Bg5 Be7 10. Nxf6+ Nxf6 11. c3 O-O 12. Re1 Rc8 13. Qc2 Qc7 14. Rad1
Nd5 15. Bxe7 Nxe7 16. h3 h6 17. Be4 b6 18. Rd2 Rfd8 19. Red1 Nd5 20. Bxd5 cxd5
21. Re2 b5 22. Qd2 Qc4 23. a3 a5 24. Re3 Rd7 25. Rg3 Kh7 26. Rf3 Rb7 27. Re3
Kh8 28. Rf3 Rcc7 29. Re3 b4 30. cxb4 axb4 31. axb4 Qxb4 32. Qxb4 Rxb4 33. b3
Rc2 34. Rdd3 Kg8 35. f4 g6 36. Kh2 Kf8 37. Kg3 Ke7 38. Kf3 Rb2 39. g4 Kd6 40.
Kg3 f6 41. h4 Rc2 42. Kh3 Rb8 43. Kg3 Ra8 44. Re1 Kd7 45. Rde3 Ra6 46. f5 gxf5
47. gxf5 exf5 48. Re7+ Kc6 49. R1e6+ Kb5 50. Rb7+ Ka5 51. b4+ Ka4 52. Rxa6+ 1-0

[Event "España ch sub-12 2012"]
[Site "Salobreña ESP"]
[Date "2012.07.04"]
[Round "4.6"]
[White "Nieves Cabanes, Jose Manuel"]
[Black "Garcia Sancho, Josep"]
[Result "1-0"]
[WhiteElo "1874"]
[BlackElo "1614"]
[PlyCount "51"]
[EventDate "2012.07.02"]
[EventType "swiss"]
[EventRounds "9"]
[EventCountry "ESP"]
[Source "lmi"]
[SourceDate "2012.07.02"]

1. d4 Nf6 2. Nf3 g6 3. e3 Bg7 4. Bd3 d5 5. c4 O-O 6. O-O c5 7. dxc5 Qa5 8. cxd5
Qxc5 9. e4 Nbd7 10. Be3 Qc7 11. h3 Ne5 12. Nxe5 Qxe5 13. Nc3 Nh5 14. f4 Qc7 15.
Rc1 Bd7 16. Ne2 Qa5 17. Qb3 Rab8 18. Rc5 Qd8 19. Rfc1 e5 20. f5 gxf5 21. exf5
e4 22. Bxe4 Re8 23. Bf3 Nf6 24. Ng3 b6 25. R5c2 Re5 26. Bf4 1-0

[Event "España ch sub-12 2012"]
[Site "Salobreña ESP"]
[Date "2012.07.04"]
[Round "4.7"]
[White "Muñoz Pelaez, Manuel"]
[Black "Garcia Martin, Marta"]
[Result "1-0"]
[WhiteElo "1805"]
[BlackElo "1607"]
[PlyCount "87"]
[EventDate "2012.07.02"]
[EventType "swiss"]
[EventRounds "9"]
[EventCountry "ESP"]
[Source "lmi"]
[SourceDate "2012.07.02"]

1. e4 e5 2. Nf3 Nc6 3. Bb5 Nf6 4. O-O d6 5. d3 Be7 6. h3 O-O 7. Nc3 a6 8. Bxc6
bxc6 9. d4 exd4 10. Nxd4 Bd7 11. f4 c5 12. Nf5 Bxf5 13. exf5 d5 14. Re1 d4 15.
Ne4 Qd5 16. Qf3 Nxe4 17. Qxe4 Qxe4 18. Rxe4 Bh4 19. Bd2 Rfe8 20. Rxe8+ Rxe8 21.
Kf1 Bg3 22. Be1 Bxf4 23. Bf2 Bd2 24. b3 g6 25. fxg6 fxg6 26. Be1 Bxe1 27. Rxe1
Rxe1+ 28. Kxe1 Kf7 29. Kd2 Ke6 30. Kd3 Kd5 31. g3 h6 32. g4 g5 33. a3 Ke5 34.
a4 Kf4 35. Kc4 Kg3 36. Kxc5 Kxh3 37. b4 Kxg4 38. b5 axb5 39. a5 Kh3 40. a6 g4
41. a7 g3 42. a8=Q g2 43. Qf3+ Kh2 44. Qf2 1-0

[Event "España ch sub-12 2012"]
[Site "Salobreña ESP"]
[Date "2012.07.04"]
[Round "4.8"]
[White "Motos Abellan, Daniel"]
[Black "Escudero Manzano, Sergio"]
[Result "0-1"]
[WhiteElo "1620"]
[BlackElo "1789"]
[PlyCount "110"]
[EventDate "2012.07.02"]
[EventType "swiss"]
[EventRounds "9"]
[EventCountry "ESP"]
[Source "lmi"]
[SourceDate "2012.07.02"]

1. d4 c5 2. e3 Nf6 3. Nf3 g6 4. Be2 Bg7 5. b3 O-O 6. O-O d6 7. Bb2 Bf5 8. Nbd2
Nc6 9. a3 Rc8 10. c3 Ne4 11. Nxe4 Bxe4 12. Ng5 Bf5 13. e4 Bd7 14. d5 Nb8 15.
Qd2 Qb6 16. c4 f6 17. Nf3 Qxb3 18. Bc3 Qa4 19. Rfb1 b6 20. h3 Be8 21. Ne1 Bd7
22. Nd3 e6 23. Nb4 Be8 24. Bd1 Qd7 25. Nc2 exd5 26. exd5 Qf7 27. Bf3 Nd7 28.
Re1 Ne5 29. Bxe5 fxe5 30. Bg4 Bd7 31. Bxd7 Qxd7 32. a4 Rf4 33. Ne3 Rcf8 34. Rf1
Bh6 35. Qe2 a6 36. Rab1 Rb8 37. Ng4 Bg7 38. a5 Qc7 39. Ne3 Rff8 40. axb6 Rxb6
41. Rxb6 Qxb6 42. Ra1 Rb8 43. Qa2 e4 44. Re1 Qb4 45. Nc2 Qd2 46. Qxa6 Qxc2 47.
Qxd6 Rf8 48. Qxc5 Qd2 49. Qe3 Qc2 50. Rc1 Qb2 51. Re1 Bd4 52. Re2 Qa1+ 53. Re1
Qa7 54. Qxe4 Bxf2+ 55. Kh1 Bxe1 0-1

[Event "España ch sub-12 2012"]
[Site "Salobreña ESP"]
[Date "2012.07.04"]
[Round "4.9"]
[White "Ballarin Corvinos, Jorge"]
[Black "Jimenez Vado, Yvan"]
[Result "0-1"]
[WhiteElo "1568"]
[BlackElo "1739"]
[PlyCount "78"]
[EventDate "2012.07.02"]
[EventType "swiss"]
[EventRounds "9"]
[EventCountry "ESP"]
[Source "lmi"]
[SourceDate "2012.07.02"]

1. e4 c5 2. Nc3 Nc6 3. g3 g6 4. Bg2 Bg7 5. d3 d6 6. f4 e6 7. Nf3 Nge7 8. O-O
O-O 9. Qe1 Nd4 10. Nxd4 cxd4 11. Ne2 Bd7 12. g4 f5 13. exf5 exf5 14. gxf5 Nxf5
15. Bxb7 Rb8 16. Bd5+ Kh8 17. Bb3 Bc6 18. Ng3 Re8 19. Qd1 Ne3 20. Bxe3 dxe3 21.
c3 Qb6 22. Qe2 a5 23. Rab1 a4 24. Bc2 Qa6 25. f5 Be5 26. f6 Rf8 27. Qxe3 Bxf6
28. Ne4 Bxe4 29. dxe4 Be5 30. b4 Qc4 31. Rfd1 Qe6 32. Rd2 Rbc8 33. Bxa4 Rxc3
34. Qe2 Rf4 35. Bd1 Qf6 36. Bc2 Rcf3 37. Rbd1 Bd4+ 38. Rxd4 Rf2 39. e5 Qg5+ 0-1